[Event "EU-ch Online U18 Girls"]
[Site "Tornelo INT"]
[Date "2020.09.18"]
[Round "2"]
[White "Urh, Zala"]
[Black "Jacobsen, Birgitte Brunsgaard"]
[Result "1-0"]
[WhiteElo "2156"]
[BlackElo "1533"]
[PlyCount "87"]
[EventDate "2020.09.18"]
[EventType "swiss (rapid)"]
[EventRounds "9"]
[EventCountry "ENG"]
[SourceTitle "CBM 198 Extra"]
[Source "ChessBase"]
[SourceDate "2020.11.30"]
[SourceVersion "1"]
[SourceVersionDate "2020.11.30"]
[SourceQuality "1"]

1. d4 d5 2. c4 Nf6 3. Nc3 Bf5 4. Nf3 e6 5. Bg5 Be7 6. e3 Nbd7 7. cxd5 exd5 8. Bd3 Bxd3 9. Qxd3 c6 10. 0-0 0-0 11. Rab1 Nb6 12. Nd2 Qc7 13. Rfc1 a6 14. h3 Rfe8 15. b4 Qd7 16. a4 h6 17. Bf4 Bd6 18. Bxd6 Qxd6 19. b5 axb5 20. axb5 Nbd7 21. bxc6 bxc6 22. Qc2 Rec8 23. Na4 Ra6 24. Nc5 Nxc5 25. Qxc5 Qxc5 26. Rxc5 Nd7 27. Rc2 Kf8 28. Rbc1 Ke7 29. Kf1 Kd6 30. Ke2 g6 31. g4 Nf6 32. f3 Ra3 33. Rc3 Ra2 34. Kd3 Rc7 35. R1c2 Ra1 36. e4 dxe4+ 37. fxe4 Ne8 38. Nc4+ Kd7 39. Ne5+ Ke6 40. Rxc6+ Rxc6 41. Rxc6+ Ke7 42. Rc3 Rd1+ 43. Kc2 Rxd4 44. Nc6+ 1-0